| 000 | 00766nam a2200217 a 4500 | ||
|---|---|---|---|
| 005 | 20240925065332.0 | ||
| 008 | 010605m19781996es r 000 0 spa d | ||
| 020 | _a8420619760 (obra completa) | ||
| 035 | _aUPN01000107556 | ||
| 049 | _aCG | ||
| 050 | 4 |
_aRC557 _bK3.68 |
|
| 100 | 1 |
_aKaplan, Helen Singer, _d1929-1995 |
|
| 245 | 1 | 3 |
_aLa nueva terapia sexual : _btratamiento activo de las disfunciones sexuales / _cHelen Singer Kaplan ; tr. Alfonso Alvarez Villar. |
| 260 |
_aMadrid : _bAlianza, _c1978 (1996 impr.). |
||
| 300 | _a2 v. | ||
| 440 | 3 |
_aEl libro de bolsillo. _pHumanidades ; _v693, 694 |
|
| 650 | 4 |
_aTRASTORNOS SEXUALES _912688 |
|
| 650 | 4 |
_aPSICOTERAPIA - _xCASOS, INFORMES CLINICOS, ESTADISTICA _926957 |
|
| 650 | 2 |
_aSexualidad _97977 |
|
| 905 | _aLibro | ||
| 999 |
_c81468 _d81468 |
||